| 000 | 00499nam a2200169 i 4500 | ||
|---|---|---|---|
| 001 | 102290 | ||
| 003 | ES-MaACL | ||
| 005 | 20231227062633.0 | ||
| 007 | t| | ||
| 008 | 051108s1962 ag ||||1| spa d | ||
| 100 | 1 |
_aMenéndez Pidal, Ramón, _d1869-1968 _980315 |
|
| 245 | 1 | 4 |
_aLos Reyes Católicos y otros estudios / _cRamón Menéndez Pidal. |
| 260 |
_aBuenos Aires : _bEspasa-Calpe, _c1962. |
||
| 300 |
_a142 p. ; _c18 cm. |
||
| 852 |
_aES-MaACL _jC-25518 _bR.51683 |
||
| 999 |
_c102290 _d102290 |
||